Take Your Partners (Record no. 84712)
[ view plain ]
| 000 -LEADER | |
|---|---|
| fixed length control field | 00956cab a22002055a 4500 |
| 001 - CONTROL NUMBER | |
| control field | L158854 |
| 008 - FIXED-LENGTH DATA ELEMENTS--GENERAL INFORMATION | |
| fixed length control field | 150824e20150808xxk 000 0 eng d |
| 035 ## - SYSTEM CONTROL NUMBER | |
| System control number | (Sirsi) u158854 |
| 041 0# - LANGUAGE CODE | |
| Language code of text/sound track or separate title | eng |
| 100 1# - MAIN ENTRY--PERSONAL NAME | |
| Personal name | Page, Richard |
| 245 00 - TITLE STATEMENT | |
| Title | Take Your Partners |
| 260 ## - PUBLICATION, DISTRIBUTION, ETC. | |
| Date of publication, distribution, etc. | 2015 |
| 490 ## - SERIES STATEMENT | |
| Series statement | Estates Gazette |
| Volume/sequential designation | (1531) 8 August 2015, 44-46(3) |
| 520 ## - SUMMARY, ETC. | |
| Summary, etc. | Information about joint ventures (JV) between public and private sectors which are becoming more popular as authorities seek to unlock the value of land while retaining control of what is developed. Argues that property development joint ventures can provide significant benefits but must be structured correctly so all parties get the desired result. Points out regulations that govern public authorities entering into JV and the key issues in putting a JV together. |
| 590 ## - LOCAL NOTE (RLIN) | |
| Local note | KA |
| 651 #4 - SUBJECT ADDED ENTRY--GEOGRAPHIC NAME | |
| Geographic name | United Kingdom |
| 690 ## - LOCAL SUBJECT ADDED ENTRY--TOPICAL TERM (OCLC, RLIN) | |
| Topical term or geographic name as entry element | Property management |
| 9 (RLIN) | 6262 |
| 700 1# - ADDED ENTRY--PERSONAL NAME | |
| Personal name | Johnson, Kate |
| 942 ## - ADDED ENTRY ELEMENTS (KOHA) | |
| Suppress in OPAC | 0 |
| Withdrawn status | Lost status | Source of classification or shelving scheme | Damaged status | Not for loan | Home library | Current library | Shelving location | Date acquired | Total Checkouts | Full call number | Barcode | Date last seen | Copy number | Price effective from | Koha item type |
|---|---|---|---|---|---|---|---|---|---|---|---|---|---|---|---|
| Dewey Decimal Classification | London | London | Journal article | 24/08/2015 | L158854 | 158854-1001 | 06/08/2019 | 1 | 06/08/2019 | Journal article |